000 00915cam a2200277 i 4500
001 27670
003 BD-RjUL
005 20211209051203.0
008 140325s1975 ii b 001 0 eng
035 _a(BD-RjUL)27749
040 _aDLC
_cDLC
_dDLC
_dBD-RjUL
_beng
041 _aeng
082 0 0 _a954.0310924
_bGHD 1975
100 1 _aGhosh, Suresh Chandra.
_984987
245 1 0 _aDalhousie in India, 1848-56 :
_ba study of his social policy as Governor-General /
_cby Suresh Chandra Ghosh.
260 _aNew Delhi :
_bMunshiram Manoharlal Publishers,
_c1975.
300 _a166 p. ;
_c22 cm.
504 _aBibliography: p. [147]-157.
504 _aIncludes index.
600 1 0 _aDalhousie, James Andrew Broun Ramsay,
_cMarquis of,
_d1812-1860.
_985004
650 0 _aGovernors general
_zIndia.
_984989
651 0 _aIndia
_xSocial policy.
_984990
942 _2ddc
_cBK
999 _c27670
_d27670